| 000 | 00757nam a2200265Ia 4500 | ||
|---|---|---|---|
| 003 | OSt | ||
| 005 | 20220928124609.0 | ||
| 006 | a|||||r|||| 00| 0 | ||
| 007 | ta | ||
| 008 | 220927b |||||||| |||| 00| 0 eng d | ||
| 024 | _a70550 | ||
| 037 | _cTextual | ||
| 040 |
_aSDCL _cSDCL _beng |
||
| 041 |
_2eng _aeng |
||
| 082 | _aU5v, PO | ||
| 100 |
_aDodds Klaus Ed. _9466386 |
||
| 245 | 0 |
_aGeopolitical traditions _b Century of geopolitical thought. |
|
| 260 |
_aNew York _b Routledge _c2000 |
||
| 300 |
_axvi,392p _ccm. |
||
| 490 | _aCritical geographies | ||
| 650 | _aPolitical Geography | ||
| 700 |
_a Atkinson David Ed. _9466387 |
||
| 942 |
_hU5v, PO _cTEXL _2CC |
||
| 999 |
_c779243 _d779243 |
||